| 000 | 00845nam a2200253 i 4500 | ||
|---|---|---|---|
| 001 | 189040 | ||
| 003 | ES-MaACL | ||
| 005 | 20240103131056.0 | ||
| 008 | 190325s2015 xxkab |||| | eng d | ||
| 020 | _a978-0-500-29184-9 | ||
| 100 | 1 |
_aMallory, J. P. _9166667 |
|
| 245 | 1 | 4 |
_aThe origins of the Irish / _cJ.P. Mallory ; with 122 illustrations. |
| 250 | _a1st paperback ed. | ||
| 260 |
_aLondon : _bThames & Hudson, _c2015. |
||
| 300 |
_a320 p. : _bil., mapas ; _c24 cm. |
||
| 500 | _aÍndice. | ||
| 504 | _aBibliografía: p. 306-316. | ||
| 651 | 4 |
_aIrlanda- _xHistoria. _98854 |
|
| 852 |
_aES-MaACL _jA-14429 _9196177 _bR.151800 _cDEPO1 _dOlim: N-7429 _hDonación: Embajada de Irlanda |
||
| 914 |
_9234032 _aEmbajada de Irlanda en España |
||
| 942 |
_2udc _cMONOGRAFIA |
||
| 999 |
_c189040 _d189040 |
||